000 00397nam a2200169Ia 4500
001 2463
003 IN-NITTTR
005 20251114232931.0
008 251113s9999||||xx |||||||||||||| ||eng||
040 _beng
040 _cIN-NITTTR
041 _aeng
082 _a724 R393I
100 _aRichards, J. M.
245 3 _aAn introduction to modern architecture /
_cRichards, J. M.
942 _2ddc
_cBK
999 _c3844
_d3844